000 00362nam a2200157Ia 4500
100 _aStallings/ William/ Brown/Lawrie
650 _aComputer security
942 _cBK
366 _f20
245 _aComputer security:Principles and practice
260 _bPearson Education
_c2008
082 _a5.8
_bSTA
300 _a798
546 _aENGLISH
999 _c33059
_d33059